'Animal Farm' characters - Statistics

General Stats
  • This quiz has been taken 87 times
  • The average score is 11 of 18
Answer Stats
Animal Hint Character % Correct
Pig Stalin Napoleon
97%
Pig Trotsky Snowball
94%
Human Tsar Nicholas II Mr. Jones
86%
Horse Proletariat Boxer
81%
Donkey Cynics Benjamin
74%
Boar Lenin Old Major
74%
Pig Molotov Squealer
70%
Horse Caring motherly horse Clover
64%
Pony Aristocracy Mollie
64%
Raven Religion Moses
64%
White goat Wise old goat who can read Muriel
46%
Dogs Have their puppies stolen by 'Stalin' Jessie
45%
Bluebell
43%
Human Hitler Mr. Frederick
43%
Human Western leaders Mr. Pilkington
42%
Pig Writes the new anthems of Animal Farm Minimus
33%
Human Intermediary between west and USSR Mr. Whymper
33%
Pig Tastes 'Stalin's' food for poison Pinkeye
19%
No matching quizzes found
Score Distribution
Percent of People with Each Score
Percentile by Number Answered
Your Score History
You have not taken this quiz